LEADER 01011nam a2200229 i 4500 001 000000134046 003 CaOOAMICUS 005 20211115154207.0 008 170127s1899 it u000 u ita u 013 $a107118 040 $aSeMil$bita 100 1 $aValera, Paolo <1850-1926>.$0(OLS)http://semarc/name/91122 245 12$aL'assalto al convento :$bnarrazione documentata /$cPaolo Valera ; con illustrazioni di Innocente Cantinotti. 264 1$aMilano :$bSocietà editrice lombarda,$c1899. 300 $a115 p. :$bill. ;$c24 cm. 650 4$aMilano - Storia - 1898.$0(OLS)http://semarc/subject/12284 700 1 $aCantinotti, Innocente.$0(OLS)http://semarc/name/93363 850 $aSeMil 852 $aSeMil$W1$xVenegono$y1$m3O III 48 FA$j87825$B87825$CSeMilBibl$Z2$F91900 $8I 996 $6245$aL'assalto al convento :$bnarrazione documentata$9(OLS)http://semarc/title/408326 996 $6264$aMilano :$bSocietà editrice lombarda$9(OLS)http://semarc/publisher/57228 LEADER 01129nam a2200277 i 4500 001 000000183756 003 CaOOAMICUS 005 20091126000000.0 008 091126s2007 it u000 u ita u 013 $a161724 020 $a978-88-6030-113-0 040 $aSeMil$bita 100 1 $aLavelli, Manuela.$0(OLS)http://semarc/name/67584 245 10$aIntersoggettività :$borigini e primi sviluppi /$cManuela Lavelli. 260 $aMilano :$bRaffaello Cortina,$c2007. 300 $aXXII, 238 p. ;$c23 cm. 490 0 $aPsicoanalisi e ricerca 500 $aContiene : Bibliografia. 650 4$aIntersoggettività.$0(OLS)http://semarc/subject/32617 830 0$aPsicoanalisi e ricerca.$0(OLS)http://semarc/title/16919 850 $aSeMil 852 $aSeMil$W1$xVenegono$y1$m2O IV 380$j134456$B134456$CSeMilBibl$Z2$F146206 $81 961 $aOmaggio: Scanziani don Francesco 996 $6020$a978-88-6030-113-0$9(OLS)http://semarc/number/173549 996 $6245$aIntersoggettività :$borigini e primi sviluppi$9(OLS)http://semarc/title/263711 996 $6260$aMilano :$bRaffaello Cortina$9(OLS)http://semarc/publisher/31196